Cyclisme : Top 20 du UAE Tour 2024 - Statistiques

Statistiques générales
  • Ce quiz a été pris 13 fois
  • Le résultat moyen est 6 sur 20
Statistiques - réponses
Position Equipe Coureur % Correct
2eme Decathlon Ag2r La Mondiale Ben O'Connor
83%
1er Lotto Dstny Lennert Van Eetvelt
83%
3eme Bahrain Victorious Pello Bilbao
75%
4eme Soudal Quick-Step Ilan Van Wilder
58%
7eme DSM Firmenich PostNL Max Poole
58%
6eme Tudor Pro Cycling Team Michael Storer
50%
10eme Visma Lease a Bike Bart Lemmen
33%
9eme Lidl Trek Carlos Verona
33%
13eme Movistar Team Einer Rubio
33%
12eme Israel Premier Tech Matthew Riccitello
25%
19eme Lidl Trek Patrick Konrad
25%
5eme Visma Lease a Bike Attila Valter
17%
14eme Astana Qazaqstan Team Harold Martin Lopez
17%
16eme Lidl Trek Juan Pedro Lopez
17%
8eme Ineos Grenadier Brandon Smith Rivera
8%
18eme Soudal Quick-Step Mauri Vansevenant
8%
15eme UAE Team Emirates Mikkel Bjerg
8%
20eme EF Education Easypost Simon Carr
8%
17eme BORA Hansgrohe Ben Zwiehoff
0%
11eme Ineos Grenadier Tobias Foss
0%
Aucun quiz correspondant
Distribution des résultats
% des personnes avec chaque résultat
Percentile par nombre de réponses
Votre historique - résultats
Vous n’avez pas pris ce quiz